Podlasiak - stacje kolejowe - Statystyki

Ogólne statystyki
  • Ten quiz został rozwiązany 157 razy
    99 od ostatniego zresetowania
  • Średni wynik to 24 z 33
Statystyki odpowiedzi
Nazwa stacji % Poprawnych
Białystok
96%
Warszawa Wschodnia
94%
Suwałki
93%
Warszawa Centralna
93%
Warszawa Zachodnia
92%
Szczecin Główny
86%
Poznań Główny
85%
Kutno
84%
Tłuszcz
82%
Szczecin Dąbie
80%
Augustów
79%
Konin
79%
Stargard
78%
Wołomin
78%
Koło
76%
Łapy
75%
Sochaczew
72%
Krzyż
71%
Łowicz Główny
71%
Małkinia
68%
Września
68%
Białystok Zielone Wzgórza
64%
Słupca
64%
Swarzędz
64%
Choszczno
61%
Czyżew
59%
Wronki
59%
Szamotuły
58%
Sokółka
53%
Dobiegniew
49%
Dąbrowa Białostocka
47%
Szepietowo
47%
Łochów
34%
Nie znaleziono quizów pasujących do podanych kryteriów
Rozkład punktacji
Procent ludzi z każdym wynikiem
Percentyl według liczby udzielonych odpowiedzi
Twoja historia wyników
Nie rozwiązałeś tego quizu od ostatniego zresetowania